[Event "Europa ch s-16 femenino"]
[Site "Herceg Novi  MNT"]
[Date "2008.09.18"]
[Round "4.15"]
[White "Abdulla, Khayala Mardan Qizi"]
[Black "Zalimaite, Ieva"]
[Result "1/2-1/2"]
[WhiteElo "2029"]
[BlackElo "1844"]
[PlyCount "220"]
[EventDate "2008.09.15"]
[EventType "swiss"]
[EventRounds "9"]
[Source "lmi"]
[SourceDate "2008.09.15"]

1. e4 e6 2. d4 d5 3. Nc3 Bb4 4. Nge2 dxe4 5. a3 Be7 6. Nxe4 Nf6 7. Nxf6+ Bxf6
8. Be3 b6 9. Qd2 Bb7 10. Rg1 Nd7 11. g4 g5 12. Ng3 h6 13. Bc4 Qe7 14. O-O-O
O-O-O 15. Qe2 Nb8 16. Nh5 Rd6 17. Rgf1 Bg2 18. Rg1 Bb7 19. Rg3 Rhd8 20. Nxf6
Qxf6 21. Rf1 Qg7 22. f4 f6 23. fxg5 hxg5 24. Qf2 Nd7 25. Bb5 Rf8 26. Bd3 Rh8
27. c3 Rh6 28. Qe2 Qh8 29. Bg1 Nb8 30. Bc4 Bd5 31. Re3 Kb7 32. Bxd5+ exd5 33.
Re8 Qg7 34. Re1 Rh8 35. Re7 Qg6 36. Qf3 Nc6 37. R7e6 Rhd8 38. h3 Qf7 39. R6e2
Rf8 40. Bh2 Rd7 41. Rf1 Re7 42. Rxe7 Qxe7 43. Bg1 Qe6 44. Be3 Re8 45. Bd2 Qe2
46. Qxe2 Rxe2 47. Rxf6 Na5 48. Bxg5 Nc4 49. b3 Nd6 50. Rf3 Ne4 51. Bh6 Rg2 52.
c4 c6 53. Rf7+ Ka6 54. cxd5 cxd5 55. Rf3 Kb5 56. Rf5 Kc6 57. g5 Kd6 58. h4 b5
59. h5 Ng3 60. Bf8+ Kd7 61. Rxd5+ Ke8 62. Bb4 Nxh5 63. Rxb5 Nf4 64. Re5+ Kd7
65. Re7+ Kc6 66. Kd1 Nd5 67. Rxa7 Nxb4 68. axb4 Rxg5 69. Kc2 Rg3 70. Ra5 Rh3
71. Rc5+ Kb6 72. Kb2 Rd3 73. d5 Rf3 74. Ka3 Rh3 75. Ka4 Rh1 76. Rc6+ Kb7 77.
Kb5 Rd1 78. d6 Rd5+ 79. Rc5 Rxd6 80. Kc4 Kb6 81. b5 Rd1 82. Kb4 Rd4+ 83. Rc4
Rd5 84. Rc6+ Kb7 85. Rh6 Rd7 86. Ka5 Re7 87. b4 Rf7 88. Rb6+ Ka7 89. Ra6+ Kb7
90. b6 Rf5+ 91. b5 Rf1 92. Ra7+ Kb8 93. Rh7 Ra1+ 94. Kb4 Rb1+ 95. Kc4 Rc1+ 96.
Kd5 Rd1+ 97. Kc6 Rc1+ 98. Kd7 Rd1+ 99. Ke6 Re1+ 100. Kf5 Rf1+ 101. Ke4 Re1+
102. Kd3 Rd1+ 103. Kc3 Rc1+ 104. Kb4 Rb1+ 105. Kc5 Rc1+ 106. Kd6 Rd1+ 107. Ke7
Re1+ 108. Kd8 Rd1+ 109. Rd7 Rxd7+ 110. Kxd7 Kb7 1/2-1/2

[Event "Europa ch s-16 femenino"]
[Site "Herceg Novi  MNT"]
[Date "2008.09.18"]
[Round "4.16"]
[White "Bauer, Marie-Christine"]
[Black "Eric, Jovana"]
[Result "0-1"]
[WhiteElo "1707"]
[BlackElo "2111"]
[PlyCount "76"]
[EventDate "2008.09.15"]
[EventType "swiss"]
[EventRounds "9"]
[Source "lmi"]
[SourceDate "2008.09.15"]

1. e4 c5 2. Nf3 d6 3. d4 cxd4 4. Nxd4 Nf6 5. Nc3 a6 6. Be3 e5 7. Nb3 Be7 8. f3
h5 9. Qd2 Be6 10. Nd5 Nxd5 11. exd5 Bf5 12. Bd3 Bxd3 13. Qxd3 Nd7 14. O-O h4
15. c4 Rc8 16. Rac1 b6 17. Nd2 a5 18. f4 O-O 19. f5 Nf6 20. Rf3 b5 21. Ne4 bxc4
22. Rxc4 Rxc4 23. Qxc4 Qa8 24. Nxf6+ Bxf6 25. Qe4 Rb8 26. Rf2 Rb4 27. Qc2 Qxd5
28. b3 Qb7 29. Bc1 d5 30. Rf3 e4 31. Rh3 d4 32. g4 d3 33. Qg2 Bd4+ 34. Kf1 Qc7
35. Ba3 Qf4+ 36. Ke1 Rb8 37. Rxh4 e3 38. Rh3 Bc3+ 0-1

[Event "Europa ch s-16 femenino"]
[Site "Herceg Novi  MNT"]
[Date "2008.09.18"]
[Round "4.18"]
[White "Trapeznikova, Darya"]
[Black "Korniyuk, Mariya"]
[Result "1-0"]
[WhiteElo "1919"]
[BlackElo "2009"]
[PlyCount "77"]
[EventDate "2008.09.15"]
[EventType "swiss"]
[EventRounds "9"]
[Source "lmi"]
[SourceDate "2008.09.15"]

1. d4 Nf6 2. c4 e6 3. Nc3 Bb4 4. Qc2 c5 5. dxc5 O-O 6. a3 Bxc5 7. Nf3 Qb6 8. e3
Be7 9. Bd3 a6 10. O-O Nc6 11. b3 Qc7 12. Bb2 h6 13. Rfd1 Ng4 14. Be2 f5 15. h3
Nge5 16. Nd5 exd5 17. cxd5 Bf6 18. Nxe5 Bxe5 19. dxc6 dxc6 20. Qc4+ Kh7 21. Qc5
Re8 22. Bxe5 Qxe5 23. Qxe5 Rxe5 24. Rd8 Rd5 25. Rxd5 cxd5 26. Rc1 Bd7 27. Rc5
Bc6 28. b4 Rd8 29. Bxa6 Ra8 30. b5 bxa6 31. bxc6 Rc8 32. Rxd5 Rxc6 33. Rxf5
Rc1+ 34. Kh2 Kg6 35. Ra5 Rc6 36. Kg3 Kf6 37. f4 g6 38. Kf3 Re6 39. g4 1-0

[Event "Europa ch s-16 femenino"]
[Site "Herceg Novi  MNT"]
[Date "2008.09.18"]
[Round "4.19"]
[White "Veretennikova, Daria"]
[Black "Todorova, Kalina"]
[Result "1/2-1/2"]
[WhiteElo "2002"]
[BlackElo "1711"]
[PlyCount "86"]
[EventDate "2008.09.15"]
[EventType "swiss"]
[EventRounds "9"]
[Source "lmi"]
[SourceDate "2008.09.15"]

1. e4 c5 2. Nc3 e6 3. f4 d6 4. Nf3 Nc6 5. Bb5 g6 6. Bxc6+ bxc6 7. d3 Bg7 8. O-O
d5 9. Qe1 Ne7 10. Kh1 Ba6 11. f5 gxf5 12. exf5 Nxf5 13. Ng5 Qe7 14. Nxf7 Qxf7
15. g4 O-O-O 16. gxf5 exf5 17. Qf2 c4 18. Qc5 Qd7 19. Bg5 Rde8 20. d4 Rhg8 21.
Bf4 Bf8 22. Qa5 Qb7 23. Bg3 Bb4 24. Qa4 c5 25. Rxf5 cxd4 26. Nxd5 Bc5 27. Qa5
Bb6 28. Qd2 c3 29. bxc3 Bc4 30. Qg2 Re2 31. Nxb6+ axb6 32. Qxb7+ Kxb7 33. cxd4
Rxc2 34. a3 Rd2 35. Re1 Rxd4 36. Re7+ Ka6 37. Ree5 Bd3 38. Rf4 Rxf4 39. Bxf4
Bf1 40. Bg3 Bd3 41. Kg1 Rf8 42. Re3 Bg6 43. Bf2 Rf6 1/2-1/2

[Event "Europa ch s-16 femenino"]
[Site "Herceg Novi  MNT"]
[Date "2008.09.18"]
[Round "4.20"]
[White "Trubitsyna, Yulia"]
[Black "Ponomarenko, Natalia"]
[Result "1-0"]
[WhiteElo "1872"]
[BlackElo "1961"]
[PlyCount "71"]
[EventDate "2008.09.15"]
[EventType "swiss"]
[EventRounds "9"]
[Source "lmi"]
[SourceDate "2008.09.15"]

1. d3 Nf6 2. Nf3 d5 3. g3 g6 4. Bg2 Bg7 5. c4 c5 6. cxd5 Nxd5 7. O-O O-O 8. a3
Nc6 9. Qc2 b6 10. Nc3 Bb7 11. Bd2 Rc8 12. Rac1 Nd4 13. Qd1 Nxc3 14. Bxc3 Nxf3+
15. exf3 Qd5 16. Qe2 e6 17. Rfd1 Rfd8 18. Bxg7 Kxg7 19. Qe4 Ba6 20. f4 Qd4 21.
b4 Qb2 22. Rb1 Qxa3 23. Qe5+ f6 24. Qxe6 Qc3 25. Qe7+ Kg8 26. b5 Re8 27. Qxa7
Bxb5 28. Rxb5 Qd4 29. Qa2+ Kh8 30. Qc4 Qd6 31. Qd5 Qc7 32. Qb7 Qd8 33. Qxb6 Qd4
34. Rf1 Re2 35. Qa7 Rce8 36. Rb7 1-0

[Event "Europa ch s-16 femenino"]
[Site "Herceg Novi  MNT"]
[Date "2008.09.18"]
[Round "4.23"]
[White "Goossens, Hanne"]
[Black "Edes, Zsofia"]
[Result "1-0"]
[WhiteElo "1941"]
[BlackElo "1812"]
[PlyCount "71"]
[EventDate "2008.09.15"]
[EventType "swiss"]
[EventRounds "9"]
[Source "lmi"]
[SourceDate "2008.09.15"]

1. e4 c5 2. Nf3 d6 3. d4 cxd4 4. Nxd4 Nf6 5. Nc3 a6 6. Bg5 e6 7. f4 Nbd7 8. Qf3
Qc7 9. O-O-O b5 10. g4 Bb7 11. Bxf6 Nxf6 12. Bd3 Qb6 13. Nce2 Nd7 14. Rhf1 Be7
15. g5 Rc8 16. h4 d5 17. e5 Bc5 18. Nb3 g6 19. h5 a5 20. Rh1 Ke7 21. hxg6 hxg6
22. Rh6 a4 23. Nxc5 Nxc5 24. Qh3 Rhg8 25. Kb1 b4 26. f5 Nxd3 27. Qxd3 exf5 28.
Qxf5 Qe6 29. Qf6+ Qxf6 30. exf6+ Ke6 31. Rh3 Kf5 32. Rf1+ Ke4 33. Rf4+ Ke5 34.
Rxb4 Bc6 35. Re3+ Kf5 36. Rf4+ 1-0

[Event "Europa ch s-16 femenino"]
[Site "Herceg Novi  MNT"]
[Date "2008.09.18"]
[Round "4.24"]
[White "Miladinovic, Lena"]
[Black "Frey, Alisa"]
[Result "1-0"]
[WhiteElo "1850"]
[BlackElo "1939"]
[PlyCount "99"]
[EventDate "2008.09.15"]
[EventType "swiss"]
[EventRounds "9"]
[Source "lmi"]
[SourceDate "2008.09.15"]

1. e4 c5 2. Nf3 d6 3. c3 Nf6 4. h3 Nbd7 5. Bd3 b6 6. O-O Bb7 7. Re1 g6 8. Bc2
Bg7 9. d4 cxd4 10. cxd4 e5 11. dxe5 dxe5 12. Qd6 Rc8 13. Nc3 Qe7 14. Qxe7+ Kxe7
15. Bg5 h6 16. Be3 Rhd8 17. Rad1 Ne8 18. Bb3 Nc5 19. Bxc5+ Rxc5 20. Rxd8 Kxd8
21. Bxf7 g5 22. Bd5 Ba6 23. Rd1 Ke7 24. Bb3 Nf6 25. Nh2 Bb7 26. f3 h5 27. Kf2
Bf8 28. Nf1 g4 29. hxg4 hxg4 30. Ne3 gxf3 31. Nf5+ Ke8 32. gxf3 Bc8 33. Nd6+
Bxd6 34. Rxd6 Ke7 35. Rd1 Be6 36. Bxe6 Kxe6 37. Ke3 a6 38. Rd8 b5 39. a3 Rc4
40. Ra8 Rc6 41. Rd8 Rc5 42. Kd2 Rc4 43. Ra8 Rc6 44. Na2 Nd7 45. Nb4 Rd6+ 46.
Ke2 Nc5 47. Re8+ Kf6 48. Nd5+ Kf7 49. Rxe5 Nd3 50. Kxd3 1-0

[Event "Europa ch s-16 femenino"]
[Site "Herceg Novi  MNT"]
[Date "2008.09.18"]
[Round "4.25"]
[White "Sabolova, Gabriela"]
[Black "Lysenko, Maria"]
[Result "0-1"]
[WhiteElo "1814"]
[BlackElo "1915"]
[PlyCount "84"]
[EventDate "2008.09.15"]
[EventType "swiss"]
[EventRounds "9"]
[Source "lmi"]
[SourceDate "2008.09.15"]

1. e4 c5 2. c3 Nf6 3. e5 Nd5 4. d4 cxd4 5. Nf3 d6 6. cxd4 Nc6 7. Bc4 Nb6 8. Bb5
dxe5 9. Nxe5 Bd7 10. Bxc6 Bxc6 11. Nxc6 bxc6 12. O-O g6 13. Re1 Bg7 14. Bg5 O-O
15. Bxe7 Qxd4 16. Qxd4 Bxd4 17. Nc3 Rfe8 18. Bg5 Nc4 19. Red1 c5 20. Rab1 Nxb2
21. Rxb2 Bxc3 22. Rb7 Bd4 23. Be7 Rab8 24. Rxa7 Rb2 25. Bh4 Ree2 26. Rf1 c4 27.
Rd7 Rbd2 28. Rc7 c3 29. Bg5 Rxa2 30. Bh6 f5 31. Rb1 Reb2 32. Rc1 Rxf2 33. Kh1
Rxg2 34. Bf4 g5 35. Rb1 Rgb2 36. Re1 Re2 37. Rb1 Rab2 38. Ra1 Re8 39. Bd6 Rbe2
40. Rc1 f4 41. Bb4 f3 42. Bxc3 Bxc3 0-1

[Event "Europa ch s-16 femenino"]
[Site "Herceg Novi  MNT"]
[Date "2008.09.18"]
[Round "4.26"]
[White "Messam-Sparks, Lateefah"]
[Black "Johannsdottir, Johanna Bjorg"]
[Result "0-1"]
[WhiteElo "1904"]
[BlackElo "1655"]
[PlyCount "98"]
[EventDate "2008.09.15"]
[EventType "swiss"]
[EventRounds "9"]
[Source "lmi"]
[SourceDate "2008.09.15"]

1. e4 c5 2. Nf3 e6 3. d3 Nc6 4. g3 d5 5. exd5 exd5 6. Nc3 Bg4 7. Bg2 Qd7 8. O-O
Nf6 9. Bf4 Be7 10. Qd2 O-O 11. Rfe1 Rfe8 12. a4 Bh3 13. Bh1 h5 14. Nb5 Rac8 15.
Ne5 Nxe5 16. Bxe5 a6 17. Nc3 d4 18. Bxf6 Bxf6 19. Nd5 Rxe1+ 20. Rxe1 Rc6 21.
Nf4 Bg5 22. Qe2 Rc8 23. Nxh3 Qxh3 24. Bxb7 Rb8 25. Bg2 Qd7 26. Qe5 Qd8 27. b3
h4 28. Bc6 hxg3 29. hxg3 Bd2 30. Re2 Bb4 31. Qh5 Qf6 32. Bd5 Rd8 33. Re4 g6 34.
Rg4 Kg7 35. Bc4 Rh8 36. Qd5 Rh5 37. Qb7 Rf5 38. f4 Rh5 39. Kg2 a5 40. Qe4 Bd2
41. Bb5 Be3 42. Bd7 g5 43. Be8 Qh6 44. Qe5+ Kg8 45. Qxc5 Rh2+ 46. Kf3 Rf2+ 47.
Ke4 Qe6+ 48. Qe5 Qxg4 49. Kd5 gxf4 0-1

[Event "Europa ch s-16 femenino"]
[Site "Herceg Novi  MNT"]
[Date "2008.09.18"]
[Round "4.27"]
[White "Ignat, Xenia"]
[Black "Pavelkova, Michaela"]
[Result "0-1"]
[WhiteElo "1748"]
[BlackElo "1886"]
[PlyCount "72"]
[EventDate "2008.09.15"]
[EventType "swiss"]
[EventRounds "9"]
[Source "lmi"]
[SourceDate "2008.09.15"]

1. d4 Nf6 2. Nf3 e6 3. e3 b6 4. Bd3 Bb7 5. O-O c5 6. c3 Nc6 7. Nbd2 Be7 8. Re1
O-O 9. e4 cxd4 10. cxd4 Nb4 11. Bb1 Ba6 12. Nb3 Qc7 13. a3 Nc6 14. d5 Ne5 15.
Nxe5 Qxe5 16. f4 Qc7 17. d6 Qxd6 18. Qxd6 Bxd6 19. e5 Be7 20. exf6 Bxf6 21. g4
g6 22. g5 Bg7 23. Nd2 Bd4+ 24. Kg2 Bb7+ 25. Kg3 Rac8 26. Nb3 Bg7 27. Ba2 Rc2
28. Rd1 Rg2+ 29. Kh3 Rd8 30. Nd2 h6 31. gxh6 Bxh6 32. Rf1 Rc8 33. Bc4 Rc5 34.
Nf3 Bxf3 35. Rxf3 Rg1 36. Bf1 Rh5# 0-1

[Event "Europa ch s-16 femenino"]
[Site "Herceg Novi  MNT"]
[Date "2008.09.18"]
[Round "4.29"]
[White "Hohluka, Arina"]
[Black "Penne, Bo"]
[Result "0-1"]
[WhiteElo "1675"]
[BlackElo "1881"]
[PlyCount "80"]
[EventDate "2008.09.15"]
[EventType "swiss"]
[EventRounds "9"]
[Source "lmi"]
[SourceDate "2008.09.15"]

1. d4 d5 2. Nf3 Nf6 3. Bf4 c6 4. e3 Bg4 5. c4 Nbd7 6. Nc3 e6 7. Qb3 Bxf3 8.
gxf3 Qc8 9. cxd5 Nxd5 10. Nxd5 exd5 11. e4 Nb6 12. a4 dxe4 13. fxe4 Qg4 14. Be3
Qxe4 15. Rg1 Qd5 16. Qxd5 Nxd5 17. Bd2 g6 18. O-O-O O-O-O 19. Bh3+ f5 20. Rge1
Bd6 21. Rh1 Rde8 22. Bg2 Re2 23. Bxd5 cxd5 24. Be3 f4 25. Bd2 Rxf2 26. Rdf1
Rxf1+ 27. Rxf1 g5 28. h4 h6 29. hxg5 hxg5 30. Kd1 Kd7 31. Rg1 Rg8 32. Ke2 Ke6
33. Kf3 Kf5 34. Rg4 Rh8 35. Rg2 Rh3+ 36. Kf2 g4 37. Rg1 Rh2+ 38. Ke1 f3 39. Rf1
Ke4 40. Bc3 g3 0-1

[Event "Europa ch s-16 femenino"]
[Site "Herceg Novi  MNT"]
[Date "2008.09.19"]
[Round "5.1"]
[White "Repina, Varvara"]
[Black "Paikidze, Nazi"]
[Result "1-0"]
[WhiteElo "2201"]
[BlackElo "2277"]
[PlyCount "97"]
[EventDate "2008.09.15"]
[EventType "swiss"]
[EventRounds "9"]
[Source "lmi"]
[SourceDate "2008.09.15"]

1. e4 c5 2. Nf3 Nc6 3. d4 cxd4 4. Nxd4 Nf6 5. Nc3 e5 6. Ndb5 d6 7. Bg5 a6 8.
Na3 b5 9. Nd5 Be7 10. Bxf6 Bxf6 11. c3 Ne7 12. Nc2 Bb7 13. Ncb4 Bg5 14. Be2 O-O
15. O-O f5 16. Bf3 Kh8 17. Qd3 a5 18. Nxe7 fxe4 19. Bxe4 Qxe7 20. Bxb7 Qxb7 21.
Nd5 Rac8 22. a3 Qc6 23. Rad1 Qc4 24. g3 Qg4 25. Rfe1 Qh3 26. Re2 Qh5 27. Qxb5
h6 28. Qd3 Rf3 29. Qe4 Rcf8 30. Rd3 R3f7 31. Kg2 Bd8 32. h3 Qg5 33. Qg4 Qc1 34.
Ne3 Qb1 35. Rd1 Qh7 36. Rxd6 h5 37. Qg6 Qxg6 38. Rxg6 Bf6 39. f4 exf4 40. gxf4
Rd7 41. Kf3 Rd3 42. Rg1 Re8 43. Rc1 g5 44. Rg1 gxf4 45. Kxf4 Be5+ 46. Kf3 Bd6
47. Rg5 Bc7 48. Rxh5+ Kg7 49. Rh4 1-0

[Event "Europa ch s-16 femenino"]
[Site "Herceg Novi  MNT"]
[Date "2008.09.19"]
[Round "5.2"]
[White "Tsatsalashvili, Keti"]
[Black "Adamowicz, Katarzyna"]
[Result "1-0"]
[WhiteElo "2271"]
[BlackElo "2063"]
[PlyCount "81"]
[EventDate "2008.09.15"]
[EventType "swiss"]
[EventRounds "9"]
[Source "lmi"]
[SourceDate "2008.09.15"]

1. d4 d5 2. c4 c6 3. Nf3 Nf6 4. Nc3 dxc4 5. a4 Bf5 6. Ne5 Nbd7 7. Nxc4 Qc7 8.
g3 e5 9. dxe5 Nxe5 10. Bf4 Nfd7 11. Bg2 f6 12. O-O g5 13. Bxe5 Nxe5 14. Nxe5
Qxe5 15. Qb3 O-O-O 16. Rfd1 Bc5 17. Rac1 Rxd1+ 18. Rxd1 h5 19. Qc4 h4 20. b4
Bb6 21. a5 Be6 22. Qe4 Bc7 23. a6 hxg3 24. hxg3 f5 25. axb7+ Kb8 26. Qxc6 f4
27. Nb5 Bb6 28. gxf4 gxf4 29. Qd6+ Qxd6 30. Rxd6 Bc4 31. Nd4 Bxd4 32. Rxd4 Ba6
33. Rxf4 Bxb7 34. Bxb7 Kxb7 35. f3 Kc6 36. Rd4 Kb5 37. e4 Rh4 38. Kf2 Kc6 39.
Ke3 Rh8 40. e5 Rh5 41. Ke4 1-0

[Event "Europa ch s-16 femenino"]
[Site "Herceg Novi  MNT"]
[Date "2008.09.19"]
[Round "5.3"]
[White "Gvanceladze, Anna"]
[Black "Suslova, Alena"]
[Result "1-0"]
[WhiteElo "2017"]
[BlackElo "2184"]
[PlyCount "55"]
[EventDate "2008.09.15"]
[EventType "swiss"]
[EventRounds "9"]
[Source "lmi"]
[SourceDate "2008.09.15"]

1. e4 d5 2. exd5 Nf6 3. Bb5+ Bd7 4. Be2 Nxd5 5. d4 g6 6. Nf3 Bg7 7. c4 Nb6 8.
Nc3 O-O 9. c5 Nc8 10. Bf4 Bc6 11. Qd2 e6 12. O-O-O Ne7 13. Bh6 Nd7 14. h4 Nf6
15. Bxg7 Kxg7 16. h5 Bxf3 17. Bxf3 Ned5 18. Rh3 c6 19. Re1 Qc7 20. g3 Rae8 21.
Re5 b6 22. Ne4 Nxe4 23. Bxe4 bxc5 24. hxg6 hxg6 25. Qh6+ Kf6 26. Qh4+ Kg7 27.
Rh5 Nf6 28. Rf5 1-0

[Event "Europa ch s-16 femenino"]
[Site "Herceg Novi  MNT"]
[Date "2008.09.19"]
[Round "5.4"]
[White "Shvayger, Yuliya"]
[Black "Papp, Petra"]
[Result "1-0"]
[WhiteElo "2151"]
[BlackElo "2118"]
[PlyCount "157"]
[EventDate "2008.09.15"]
[EventType "swiss"]
[EventRounds "9"]
[Source "lmi"]
[SourceDate "2008.09.15"]

1. e4 c5 2. Nf3 d6 3. d4 cxd4 4. Nxd4 Nf6 5. f3 e5 6. Nb3 Be6 7. c4 Qc7 8. Na3
a6 9. Be3 Nbd7 10. Be2 Be7 11. O-O h5 12. Rc1 Rc8 13. Qd2 b6 14. Rfd1 Qb7 15.
Nb1 h4 16. Qe1 Nh5 17. Qf1 Nc5 18. Nc3 g5 19. Nd5 Bd8 20. Na1 Nf4 21. b4 Nd7
22. Bxf4 gxf4 23. c5 b5 24. a4 dxc5 25. axb5 a5 26. b6 Bxb6 27. bxa5 Ba7 28. h3
c4+ 29. Kh2 Qb5 30. Rxc4 Rxc4 31. Bxc4 Qxa5 32. Nb3 Qd8 33. Qd3 O-O 34. Nb4
Bxc4 35. Qxc4 Qg5 36. Qc7 Rb8 37. Qxa7 Rxb4 38. Qxd7 Rxb3 39. Qg4 Qxg4 40. hxg4
Kg7 41. Rd7 Rb8 42. Kh3 Kg6 43. g5 f5 44. gxf6 Kxf6 45. Rh7 Rg8 46. Rxh4 Rg3+
47. Kh2 Rg8 48. Rh6+ Ke7 49. Rh3 Kd6 50. g3 fxg3+ 51. Rxg3 Rh8+ 52. Kg2 Kc5 53.
Rg5 Kd4 54. Kg3 Rf8 55. Kf2 Rb8 56. Rg1 Rb2+ 57. Kg3 Rb8 58. Re1 Rf8 59. Kf2
Kc5 60. Rd1 Kc6 61. Rd5 Re8 62. Kg3 Rg8+ 63. Kh4 Re8 64. Kg4 Kc7 65. Kf5 Rf8+
66. Kxe5 Rxf3 67. Ke6 Rh3 68. Rf5 Rh8 69. Rf7+ Kd8 70. e5 Ke8 71. Re7+ Kd8 72.
Kd6 Rh6+ 73. Re6 Rh1 74. Rg6 Rh8 75. e6 Re8 76. Rg7 Kc8 77. e7 Rh8 78. Rg6 Re8
79. Rf6 1-0

[Event "Europa ch s-16 femenino"]
[Site "Herceg Novi  MNT"]
[Date "2008.09.19"]
[Round "5.6"]
[White "Savina, Anastasia"]
[Black "Semenova, Elena"]
[Result "1-0"]
[WhiteElo "2269"]
[BlackElo "2048"]
[PlyCount "157"]
[EventDate "2008.09.15"]
[EventType "swiss"]
[EventRounds "9"]
[Source "lmi"]
[SourceDate "2008.09.15"]

1. d4 d5 2. c4 e5 3. dxe5 d4 4. Nf3 Nc6 5. g3 Nge7 6. Bg2 Ng6 7. O-O Ngxe5 8.
Nxe5 Nxe5 9. Qa4+ c6 10. Bf4 Ng6 11. Bd2 Be7 12. e3 dxe3 13. Bxe3 O-O 14. Nc3
Qc7 15. b4 Be6 16. c5 Rfd8 17. b5 Bf6 18. Rac1 Bxc3 19. Rxc3 Bd5 20. Bxd5 Rxd5
21. b6 Qb8 22. Ra3 a6 23. Rd1 Qd8 24. Rxd5 Qxd5 25. Qd4 Rd8 26. Qxd5 Rxd5 27.
Kf1 f6 28. Ke2 Kf7 29. Rc3 Ne5 30. Bf4 Nd7 31. Bd6 Kg6 32. f4 Nxb6 33. Rb3 Nc4
34. Rxb7 Rd2+ 35. Kf3 Nxd6 36. cxd6 Rxd6 37. Rb6 a5 38. Ra6 Rd3+ 39. Kg4 Ra3
40. Rxc6 Rxa2 41. h3 a4 42. Ra6 h5+ 43. Kh4 a3 44. Ra5 Ra1 45. Rxh5 Kf7 46. Ra5
Kg6 47. f5+ Kh6 48. Ra8 Kh7 49. g4 Ra2 50. Kh5 Ra1 51. h4 Ra2 52. Ra7 Ra1 53.
Ra4 Ra2 54. g5 fxg5 55. hxg5 Rh2+ 56. Kg4 Rg2+ 57. Kh4 Rh2+ 58. Kg3 Ra2 59. Ra7
Kg8 60. Kg4 Rg2+ 61. Kh5 a2 62. Kg6 Kf8 63. f6 gxf6 64. Kxf6 Rf2+ 65. Kg6 Rg2
66. Ra5 Rf2 67. Ra8+ Ke7 68. Kh6 Kf7 69. g6+ Kf6 70. Ra6+ Kf5 71. Kg7 Rb2 72.
Ra5+ Ke6 73. Kh7 Rh2+ 74. Kg8 Rg2 75. Ra6+ Kd7 76. g7 Ke7 77. Ra7+ Kf6 78. Kf8
Rxg7 79. Ra6+ 1-0

[Event "Europa ch s-16 femenino"]
[Site "Herceg Novi  MNT"]
[Date "2008.09.19"]
[Round "5.7"]
[White "Manelidou, Maria"]
[Black "Kazimova, Narmin Nizami Qizi"]
[Result "1-0"]
[WhiteElo "1975"]
[BlackElo "2148"]
[PlyCount "105"]
[EventDate "2008.09.15"]
[EventType "swiss"]
[EventRounds "9"]
[Source "lmi"]
[SourceDate "2008.09.15"]

1. e4 c5 2. Nf3 d6 3. d4 cxd4 4. Nxd4 Nf6 5. f3 e5 6. Bb5+ Nbd7 7. Nf5 d5 8.
exd5 a6 9. Ba4 b5 10. Bb3 Nb6 11. Ne3 Bc5 12. Nc3 O-O 13. O-O Bd4 14. Kh1 a5
15. a3 Ba6 16. Ne4 a4 17. Ba2 b4 18. Nxf6+ Qxf6 19. Ng4 Qd6 20. Re1 f5 21. Ne3
f4 22. Nf1 bxa3 23. c3 Bf2 24. Re4 Nd7 25. b4 Nf6 26. Nd2 Nh5 27. h3 Ng3+ 28.
Kh2 Kh8 29. Bxa3 Nxe4 30. Nxe4 Bg3+ 31. Kh1 Qe7 32. d6 Qh4 33. Bd5 Rad8 34. c4
Bc8 35. Qf1 Qh6 36. b5 Rf5 37. Bc1 Rh5 38. Nxg3 Rh4 39. Kh2 fxg3+ 40. Kxg3 Qf6
41. Rxa4 Rd4 42. Kh2 Qxd6 43. Be3 e4+ 44. f4 Rd3 45. Qf2 Ra3 46. Rxa3 Qxa3 47.
Bxe4 Re8 48. Qh4 h6 49. Bd4 Qd6 50. Bd5 Kh7 51. Be5 Qb6 52. Be4+ Kg8 53. Bc6
1-0

[Event "Europa ch s-16 femenino"]
[Site "Herceg Novi  MNT"]
[Date "2008.09.19"]
[Round "5.8"]
[White "Soloviova, Liza"]
[Black "Petrova, Irina"]
[Result "1-0"]
[WhiteElo "2148"]
[BlackElo "2011"]
[PlyCount "73"]
[EventDate "2008.09.15"]
[EventType "swiss"]
[EventRounds "9"]
[Source "lmi"]
[SourceDate "2008.09.15"]

1. Nf3 c5 2. e3 Nf6 3. b3 g6 4. Bb2 Bg7 5. Be2 O-O 6. O-O d5 7. d3 Nc6 8. Nbd2
d4 9. e4 e5 10. c3 h6 11. Rc1 Be6 12. cxd4 cxd4 13. Nc4 Bxc4 14. Rxc4 Nd7 15.
Nd2 Rc8 16. a3 Nb6 17. Rc1 Qd6 18. Bg4 f5 19. Bh3 Rce8 20. b4 f4 21. Qb3+ Kh8
22. b5 Nd8 23. a4 Rf7 24. Ba3 Qf6 25. a5 Nd7 26. Rc8 b6 27. Rfc1 Bf8 28. R1c7
Nc5 29. Bxc5 Rxc7 30. Rxc7 Bxc5 31. a6 Re7 32. Rc8 Rg7 33. Qd5 Rg8 34. Nc4 f3
35. Qxe5 Qxe5 36. Nxe5 fxg2 37. Rxd8 1-0

[Event "Europa ch s-16 femenino"]
[Site "Herceg Novi  MNT"]
[Date "2008.09.19"]
[Round "5.9"]
[White "Zakoscielna, Kinga"]
[Black "Krasiuk, Kateryna"]
[Result "1/2-1/2"]
[WhiteElo "2125"]
[BlackElo "1970"]
[PlyCount "120"]
[EventDate "2008.09.15"]
[EventType "swiss"]
[EventRounds "9"]
[Source "lmi"]
[SourceDate "2008.09.15"]

1. e4 e6 2. d4 d5 3. Nd2 c5 4. exd5 exd5 5. Ngf3 Nc6 6. Bb5 Bd6 7. dxc5 Bxc5 8.
O-O Nge7 9. Nb3 Bd6 10. h3 O-O 11. Bd3 h6 12. c3 Bc7 13. Bc2 Qd6 14. Re1 Re8
15. Be3 Bf5 16. Nbd4 Nxd4 17. Bxd4 Bxc2 18. Qxc2 Nc6 19. Be3 Re4 20. Rad1 Qg6
21. Qb3 Bf4 22. Bxf4 Rxf4 23. Ne5 Nxe5 24. Rxe5 Rxf2 25. Kxf2 Qf6+ 26. Kg1 Qxe5
27. Qxd5 Qe3+ 28. Kh1 Qe2 29. Rd2 Qe1+ 30. Kh2 Re8 31. Rd4 Re7 32. a4 g6 33.
Rc4 Rd7 34. Re4 Rxd5 35. Rxe1 Rd2 36. b4 Kf8 37. Re5 f5 38. Rb5 b6 39. a5 Rd6
40. c4 Rc6 41. c5 bxc5 42. bxc5 Ra6 43. h4 Ke7 44. h5 gxh5 45. c6 Rxc6 46. Rb7+
Kf6 47. Rxa7 Rc5 48. a6 Ra5 49. Kg3 Ra3+ 50. Kh2 h4 51. Ra8 Kg5 52. a7 Kf4 53.
Rh8 Rxa7 54. Rxh6 Kg5 55. Rh8 Ra4 56. Rg8+ Kf4 57. Kh3 Ra1 58. Kh2 h3 59. g3+
Kf3 60. Rf8 Kg4 1/2-1/2

[Event "Europa ch s-16 femenino"]
[Site "Herceg Novi  MNT"]
[Date "2008.09.19"]
[Round "5.10"]
[White "Eric, Jovana"]
[Black "Anusca, Madalina-Maria"]
[Result "0-1"]
[WhiteElo "2111"]
[BlackElo "1949"]
[PlyCount "146"]
[EventDate "2008.09.15"]
[EventType "swiss"]
[EventRounds "9"]
[Source "lmi"]
[SourceDate "2008.09.15"]

1. e4 c5 2. Nf3 Nc6 3. Nc3 g6 4. d4 cxd4 5. Nxd4 Bg7 6. Nb3 Nf6 7. Be2 d6 8.
O-O O-O 9. Bg5 a5 10. a4 Be6 11. Kh1 Nd7 12. f4 Nb6 13. f5 Bc4 14. Nd2 Bxe2 15.
Qxe2 Ne5 16. Nd5 Nxd5 17. exd5 Rc8 18. c4 h6 19. Bh4 g5 20. Bg3 Bf6 21. Rae1
Qb6 22. b3 Qd4 23. Bxe5 Qxe5 24. Qh5 Qb2 25. Ne4 Kg7 26. Qf3 Rfe8 27. Ng3 Rc5
28. Nh5+ Kh7 29. Re2 Qd4 30. Re4 Qb2 31. Qd3 Rc7 32. Rfe1 Rec8 33. R4e2 Qc3 34.
Qb1 Qd4 35. Re4 Qc5 36. Qd3 Qf2 37. Rf1 Qb2 38. Re3 Rg8 39. Rfe1 Rgc8 40. Qe4
Kh8 41. Qg4 Bc3 42. Rf1 Qxb3 43. f6 exf6 44. Nxf6 Qxc4 45. Qf5 Bxf6 46. Qxf6+
Kh7 47. Qf5+ Kg8 48. Rfe1 Qf4 49. Qh3 Rc1 50. g3 Qxe3 51. Qxc8+ Rxc8 52. Rxe3
Rc1+ 53. Kg2 Rd1 54. Rb3 Rxd5 55. Rxb7 Rd4 56. Rb6 Kg7 57. Kf3 d5 58. Rb5 Rxa4
59. Rxd5 g4+ 60. Ke3 Kg6 61. Rd8 f6 62. Rg8+ Kf7 63. Rh8 Kg7 64. Ra8 h5 65.
Ra7+ Kg6 66. Ra8 Ra2 67. Rg8+ Kh7 68. Ra8 a4 69. Kf4 a3 70. Ra5 Kg6 71. Ra8 Ra1
72. Ke3 a2 73. Ke2 Rh1 0-1

[Event "Europa ch s-16 femenino"]
[Site "Herceg Novi  MNT"]
[Date "2008.09.19"]
[Round "5.11"]
[White "Motycakova, Monika"]
[Black "Gorozhankina, Julia"]
[Result "0-1"]
[WhiteElo "1948"]
[BlackElo "2094"]
[PlyCount "80"]
[EventDate "2008.09.15"]
[EventType "swiss"]
[EventRounds "9"]
[Source "lmi"]
[SourceDate "2008.09.15"]

1. e4 e5 2. Nf3 Nf6 3. Nxe5 d6 4. Nf3 Nxe4 5. d4 d5 6. Bd3 Be7 7. O-O Nc6 8. c4
Nf6 9. h3 O-O 10. Nc3 Nb4 11. Be2 dxc4 12. Bxc4 Nbd5 13. Ne5 Nb6 14. Bb3 c6 15.
Qd3 Nbd5 16. a3 Be6 17. Bc2 Re8 18. g4 g6 19. f4 Nxc3 20. bxc3 Nd7 21. Nf3 Nb6
22. Nd2 c5 23. f5 c4 24. Qf3 Bd5 25. Be4 Rc8 26. Bxd5 Qxd5 27. Ne4 Bh4 28. fxg6
hxg6 29. Nf6+ Bxf6 30. Qxf6 Re2 31. Rf3 Nd7 32. Qf4 Re1+ 33. Rf1 Rce8 34. Bd2
Rxa1 35. Rxa1 Re2 36. Qg3 Rxd2 37. Re1 Kg7 38. g5 Nf8 39. Qg4 Qf5 40. Qg3 Ne6
0-1